Clips musicaux par images (miniatures YouTube) - Statistiques

Statistiques générales
  • Ce quiz a été pris 161 fois
  • Le résultat moyen est 9 sur 15
Statistiques - réponses
Par images Hint Réponse % Correct
2013 Papaoutai
96%
2013 Happy
88%
1982 Thriller
88%
2017 Basique
84%
2014 Chandelier
82%
2013 Dernière danse
71%
2003 Toxic
69%
2009 Bad Romance
58%
2008 Single Ladies
55%
1993 Je danse le Mia
40%
1985 We Are the World
40%
2003 Hey Ya!
33%
1990 Vogue
30%
1986 Libertine
26%
2007 D.A.N.C.E.
13%
Aucun quiz correspondant
Distribution des résultats
% des personnes avec chaque résultat
Percentile par nombre de réponses
Votre historique - résultats
Vous n’avez pas pris ce quiz